|
|
|
|
| LEADER |
00000cam a22000004a 4500 |
| 001 |
musev2_2168 |
| 003 |
MdBmJHUP |
| 005 |
20230905040306.0 |
| 006 |
m o d |
| 007 |
cr||||||||nn|n |
| 008 |
100607s2011 txu o 00 0 eng d |
| 010 |
|
|
|z 2010023248
|
| 020 |
|
|
|a 9780875654492
|
| 020 |
|
|
|z 9780875654263
|
| 035 |
|
|
|a (OCoLC)794700264
|
| 040 |
|
|
|a MdBmJHUP
|c MdBmJHUP
|
| 043 |
|
|
|a n-us-tx
|
| 050 |
0 |
4 |
|a PS3561.E3975
|b Z66 2011
|
| 082 |
0 |
|
|a 813/.54
|2 22
|
| 245 |
0 |
0 |
|a Elmer Kelton :
|b Essays and Memories /
|c edited by Judy Alter and James Ward Lee.
|
| 264 |
|
1 |
|a Fort Worth, Tex. :
|b TCU Press,
|c 2011.
|
| 264 |
|
3 |
|a Baltimore, Md. :
|b Project MUSE,
|c 2012
|
| 264 |
|
4 |
|c ©2011.
|
| 300 |
|
|
|a 1 online resource (144 pages):
|b ill. ;
|
| 336 |
|
|
|a text
|b txt
|2 rdacontent
|
| 337 |
|
|
|a computer
|b c
|2 rdamedia
|
| 338 |
|
|
|a online resource
|b cr
|2 rdacarrier
|
| 504 |
|
|
|a Includes bibliographical references.
|
| 505 |
0 |
|
|a Two careers in one / Judy Alter -- My friend Elmer Kelton / Felton Cochran -- A eulogy / The Reverend Ricky Burk, senior pastor, First United Methodist Church of San Angelo -- Journalism's influence on Elmer Kelton's fiction / Steve Kelton -- Hang and rattle : change and endurance in The time it never rained / Ruth McAdams -- Convergence : race and ethnicity in the work of Elmer Kelton / Joyce Roach -- The Hewey Calloway trilogy / James Ward Lee -- Reading instead of roping, writing instead of ranching, and qualifying for walrus hunter : humor in Elmer Kelton / Bob Frye -- Elmer Kelton speaks out - on the history of the western novel / Elmer Kelton.
|
| 588 |
|
|
|a Description based on print version record.
|
| 600 |
1 |
0 |
|a Kelton, Elmer
|x Criticism and interpretation.
|
| 650 |
|
0 |
|a Western stories
|x History and criticism.
|
| 651 |
|
0 |
|a Texas
|x In literature.
|
| 655 |
|
7 |
|a Electronic books.
|2 local
|
| 700 |
1 |
|
|a Lee, James Ward.
|
| 700 |
1 |
|
|a Alter, Judy,
|d 1938-
|
| 710 |
2 |
|
|a Project Muse.
|e distributor
|
| 830 |
|
0 |
|a Book collections on Project MUSE.
|
| 856 |
4 |
0 |
|z Texto completo
|u https://projectmuse.uam.elogim.com/book/2168/
|
| 945 |
|
|
|a Project MUSE - Custom Collection
|
| 945 |
|
|
|a Project MUSE - 2011 US Regional Studies, South
|
| 945 |
|
|
|a Project MUSE - 2011 Complete
|